| 000 | 00672nam a22001937a 4500 | ||
|---|---|---|---|
| 999 |
_c171633 _d171633 |
||
| 005 | 20200116152947.0 | ||
| 010 | _aA-791281 | ||
| 020 |
_c35.00 _a- |
||
| 035 | _aA-791281 | ||
| 037 |
_bBPPD/Pub. _a- |
||
| 082 | _a899.151 | ||
| 100 | _aمر ز ا عبدا لقا د ر بيد ل | ||
| 245 |
_aمخز ن حکمت و مو عظت _cمر ز ا عبدا لقا د ر بيد ل |
||
| 246 |
_bMakhzan-e-Hikmat wa Moizzat (Urdu) _aby Mirza Abdul Qadir Bedil |
||
| 260 |
_aN.D. _bModern Publishing House _c1994 ء |
||
| 270 |
_a9,Gola market Darya Ganj _bN.Delhi _e110002 _k- _l- |
||
| 300 |
_a64 ص _c22 Cm(Hb) |
||
| 942 |
_2ddc _cUR _h899.151 _mع ب د |
||